Κατάλογος Βιβλιοθηκών Mediterranean College

Progressive Writing Skills / Teacher's Guide (Record no. 4221)

MARC details
000 -LEADER
fixed length control field 01672cam a22002054a 4500
005 - ΗΜΕΡΟΜΗΝΙΑ ΚΑΙ ΩΡΑ ΤΕΛΕΥΤΑΙΑΣ ΕΝΗΜΕΡΩΣΗΣ
Πεδίο ελέγχου 20250605164140.0
008 - FIXED-LENGTH DATA ELEMENTS--GENERAL INFORMATION
Πεδίο ελέγχου σταθερού μήκους 250528s ||||||||||||||||||||||||d
035 ## - SYSTEM CONTROL NUMBER
System control number 18920
020 ## - ISBN
ISBN 175557470
040 ## - ΠΗΓΗ ΚΑΤΑΛΟΓΟΓΡΑΦΗΣΗΣ
Φορέας πρωτότυπης καταλογογράφησης MC Athens Campus Library
Γλώσσα καταλογογράφησης Ελληνικά, Μοντέρνα (1453-)
Modifying agency MC Athens Campus Library
Κανόνες περιγραφικής καταλογογράφησης AACR2
245 1# - ΤΙΤΛΟΣ ΚΑΙ ΔΗΛΩΣΗ ΥΠΕΥΘΥΝΟΤΗΤΑΣ
Τίτλος Progressive Writing Skills / Teacher's Guide
260 ## - PUBLICATION, DISTRIBUTION, ETC.
Date of publication, distribution, etc. 1989
300 ## - PHYSICAL DESCRIPTION
Extent 122
520 ## - SUMMARY, ETC.
Summary, etc. The aim of this book is to enable students to do any writing tasks required of them from intermediate to upper-intermediate level, including Cambridge First Certificate. Includes Teacher's Guide. Introduction, Personal Letters: Invitation and Acceptance and Refusal, Narrative: Telling a Story in Chronological Order, Description: People, Formal Letters: Requesting and Giving Information, Guided Writing: Instructions, Personal Letters: Directions, Narrative: Sequence of Tenses, Description: Object, Formal Letters: Applications for Jobs, Discussion: For and Against, Guided Writing: Making Choices, Personal Letters: Narrative, Narrative: Direct and Indirect Speech, Description: Places, Formal Letters: Complaint and Apology and Explanation, Discussion: For and Against, Guided Writing: Using a Diary, Descriptive Narrative: Human Senses, Making and Reporting Speeches: Informal, Discussion: For and Against, Summary: Fact, Formal Writing: Reports, Guided Writing: Using Graphs, Descriptive Narrative: Biography, Making and Reporting Speeches: Formal, Summary: Opinion, Discussion: Solutions to Problems, Formal Writing: Commenting on a Book or Film, Guided Writing: Classified Advertisements.
700 1# - ΠΡΟΣΘΕΤΗ ΑΝΑΓΡΑΦΗ--ΦΥΣΙΚΟ ΠΡΟΣΩΠΟ
Personal name Fowler W.S
9 (RLIN) 5207
700 1# - ΠΡΟΣΘΕΤΗ ΑΝΑΓΡΑΦΗ--ΦΥΣΙΚΟ ΠΡΟΣΩΠΟ
Personal name Nelson
9 (RLIN) 5208
942 ## - ADDED ENTRY ELEMENTS (KOHA)
Koha item type Books
Holdings
Τύπος τεκμηρίου Βιβλιοθήκη Τρέχουσα τοποθεσία Barcode Αριθμός εισαγωγής Ημερομηνία απόκτησης Ταξιθετικό σύμβολο Αριθμός αντιτύπου Κατάσταση απόσυρσης Κατάσταση χαμένου Κατάσταση κατεστραμμένου Μη δανεισμός Σύνολο δανεισμών Ημερομηνία τελευταίας εμφάνισης Η τιμή ισχύει από
Books MC Athens Campus Library MC Athens Campus Library 9780000042200 3846 05/06/2025 428 FOW 2           05/06/2025 05/06/2025

MC Athens Campus Library
Πατησίων 94 & Κοδριγκτώνος 13, 104 34
Πελλήνης 8 & Πατησίων 107, 112 51
Τ: +30 210 8899600

MC Thessaloniki Campus Library
Ίωνος Δραγούμη 21, 54625 | Ίωνος Δραγούμη 15, 54625
Τ: +30 2310 287779 – Τ: +30 2314 440300